000 00507nam a2200181Ia 4500
005 20250508150726.0
008 008 250505s9999 xx 000 0 hin d
037 _aTextual
040 _aFEDL
_beng
_cFEDL
041 _ahin
_2eng
084 _a891.431, TRI
_qFEDL
100 _aTripathi Surya Kant
_9757474
245 0 _aParimal: Saras kavitayo ka sangrah
260 _aLucknow, India
_bGanga Granthagar
300 _a265p.
942 _cTEXL
_h891.431, TRI
999 _c1325290
_d1325290